Микропроцессорные системы. Средства разработки программного обеспечения для микроконтроллеров семейства AVR: учебное пособие
| Hovedforfatter: | |
|---|---|
| Institution som forfatter: | |
| Andre forfattere: | |
| Summary: | Заглавие с титульного экрана Электронная версия печатной публикации В пособии изложены основы использования средств разработки и особенности построения программного обеспечения встраиваемых систем на примере микроконтроллеров семейства AVR. Приведены примеры некоторых программных решений с целью их использования в практической работе по выполнению лабораторных работ, курсового и дипломного проектов. Содержит теоретический и практический материал, достаточный для самостоятельного изучения и приобретений компетенций, в соответствии с ФГОС высшего образования третьего поколения, студентами, магистрантами и аспирантами по направлениям 09.03.01 "Информатика и вычислительная техника", 05.13.11 "Математическое и программное обеспечение вычислительных машин, комплексов и компьютерных сетей", 05.13.01 "Системный анализ, управление и обработка информации" AM_TPU_network |
| Sprog: | russisk |
| Udgivet: |
Томск, Изд-во ТПУ, 2016
|
| Fag: | |
| Online adgang: | http://www.lib.tpu.ru/fulltext2/m/2017/m007.pdf |
| Format: | MixedMaterials Electronisk Bog |
| KOHA link: | https://koha.lib.tpu.ru/cgi-bin/koha/opac-detail.pl?biblionumber=329659 |
MARC
| LEADER | 00000nam0a2200000 4500 | ||
|---|---|---|---|
| 001 | 329659 | ||
| 005 | 20260413135857.0 | ||
| 010 | |a 978-5-4387-0676-2 | ||
| 035 | |a (RuTPU)RU\TPU\book\355419 | ||
| 035 | |a RU\TPU\book\355405 | ||
| 090 | |a 329659 | ||
| 100 | |a 20170317d2016 m y0rusy50 ca | ||
| 101 | 0 | |a rus | |
| 102 | |a RU | ||
| 105 | |a a j 001zy | ||
| 135 | |a drcn ---uucaa | ||
| 181 | 0 | |a i |b e | |
| 182 | 0 | |a b | |
| 183 | |a cr |2 RDAcarrier | ||
| 200 | 1 | |a Микропроцессорные системы. Средства разработки программного обеспечения для микроконтроллеров семейства AVR |e учебное пособие |f М. А. Сонькин, А. А. Шамин |g Национальный исследовательский Томский политехнический университет (ТПУ) | |
| 203 | |a Текст |c электронный |b визуальный | ||
| 210 | |a Томск |c Изд-во ТПУ |d 2016 | ||
| 283 | |a online_resource |2 RDAcarrier | ||
| 300 | |a Заглавие с титульного экрана | ||
| 300 | |a Электронная версия печатной публикации | ||
| 330 | |a В пособии изложены основы использования средств разработки и особенности построения программного обеспечения встраиваемых систем на примере микроконтроллеров семейства AVR. Приведены примеры некоторых программных решений с целью их использования в практической работе по выполнению лабораторных работ, курсового и дипломного проектов. Содержит теоретический и практический материал, достаточный для самостоятельного изучения и приобретений компетенций, в соответствии с ФГОС высшего образования третьего поколения, студентами, магистрантами и аспирантами по направлениям 09.03.01 "Информатика и вычислительная техника", 05.13.11 "Математическое и программное обеспечение вычислительных машин, комплексов и компьютерных сетей", 05.13.01 "Системный анализ, управление и обработка информации" | ||
| 371 | 0 | |a AM_TPU_network | |
| 606 | 1 | |a Микропроцессоры |2 stltpush |3 (RuTPU)RU\TPU\subj\43715 |9 63175 | |
| 610 | 1 | |a электронный ресурс | |
| 610 | 1 | |a учебные пособия | |
| 610 | 1 | |a труды учёных ТПУ | |
| 610 | 1 | |a микропроцессорные системы | |
| 610 | 1 | |a программное обеспечение | |
| 610 | 1 | |a микроконтроллеры | |
| 610 | 1 | |a AVR | |
| 610 | 1 | |a встраиваемые системы | |
| 610 | 1 | |a микропроцессорные устройства | |
| 610 | 1 | |a архитектура | |
| 610 | 1 | |a память | |
| 610 | 1 | |a лабораторные работы | |
| 610 | 1 | |a курсовые проекты | |
| 610 | 1 | |a дипломные проекты | |
| 610 | 1 | |a компетенции | |
| 610 | 1 | |a программные решения | |
| 675 | |a 004.31(075.8) |v 4 | ||
| 700 | 1 | |a Сонькин |b М. А. |c специалист в области информатики и вычислительной техники |c профессор Томского политехнического университета, доктор технических наук |f 1954- |g Михаил Аркадьевич |3 (RuTPU)RU\TPU\pers\25548 |9 11478 | |
| 701 | 1 | |a Шамин |b А. А. |c специалист в области информатики и вычислительной техники |c доцент Томского политехнического университета, кандидат технических наук |f 1977- |g Алексей Алексеевич |3 (RuTPU)RU\TPU\pers\25550 |9 11480 | |
| 712 | 0 | 2 | |a Национальный исследовательский Томский политехнический университет (ТПУ) |b Институт кибернетики (ИК) |3 (RuTPU)RU\TPU\col\18397 |
| 801 | 1 | |a RU |b 63413507 |c 20140407 | |
| 801 | 2 | |a RU |b 63413507 |c 20171018 |g RCR | |
| 856 | 4 | 0 | |u http://www.lib.tpu.ru/fulltext2/m/2017/m007.pdf |z http://www.lib.tpu.ru/fulltext2/m/2017/m007.pdf |
| 942 | |c CF | ||